Economic development and environmental history in the anthropocene perspectives on Asia and Africa
Saved in:
| Format: | Bog |
|---|---|
| Sprog: | engelsk |
| Udgivet: |
Bloomsbury Academic
2019
|
| Tags: |
Tilføj Tag
Ingen Tags, Vær først til at tagge denne postø!
|
MARC
| LEADER | 00000nam a22000007a 4500 | ||
|---|---|---|---|
| 008 | 210616b ||||| |||| 00| 0 eng d | ||
| 020 | |a 9781350109261 | ||
| 245 | |a Economic development and environmental history in the anthropocene |b perspectives on Asia and Africa |c edited by Gareth Austin |g viii, 326p.;ill. | ||
| 250 | |c AUSTIN, Gareth | ||
| 260 | |b Bloomsbury Academic |c 2019 |h New York |i 296269 |i 296270 |i 296271 |l HC421.Ec7 |m Economic development--Environment aspects--Asia |m Economic development--Environment aspects--Africa, Sub-Saharan |m Human ecology--Sub-Saharan--History | ||
| 500 | |a It includes index | ||
| 942 | |a lcc |c BK |e Kuteyi, M. A. |f 16/06/2021 | ||
| 952 | |0 0 |1 0 |2 lcc |4 0 |6 HC0412 E C7 |7 0 |9 2686 |a HOL |b ART |c GJ |d 2021-06-21 |l 0 |o HC412.Ec7 |p 2021-6531 |r 2021-06-21 00:00:00 |w 2021-06-21 |y BK | ||
| 952 | |0 0 |1 0 |2 lcc |4 0 |6 HC0412 E C7 |7 0 |9 2688 |a HOL |b SL |c GJ |d 2021-06-21 |l 0 |o HC412.Ec7 |p 2021-6532 |r 2021-06-21 00:00:00 |w 2021-06-21 |y BK | ||
| 952 | |0 0 |1 0 |2 lcc |4 0 |6 HC0412 E C7 |7 0 |9 2689 |a HOL |b HOL |c GJ |d 2021-06-21 |l 0 |o HC412.Ec7 |p 2021-6533 |r 2021-06-21 00:00:00 |w 2021-06-21 |y BK | ||
| 999 | |c 1368 |d 1368 | ||